000 00466nam a2200181Ia 4500
001 7450
005 20260306160456.0
008 260306t2005||||xx |||||||||||||| ||spa||
041 _aESP
082 _a339
_bB58 V. 2
100 _aBirch Sorensen, Peter
_eAUT
245 0 _aIntroducción a la macroeconomía avanzada:
_bciclos económicos
260 _c2005
300 _axx, 457 páginas :
_c25 cm.
650 _aGEN
654 _aCAN
942 _cLIB
_dJUS
_fJUS
_2ddc
_n
999 _c7450
_d7450